|
|
|
|
| LEADER |
01335nam a22002777a 4500 |
| 001 |
28901 |
| 003 |
BD-DhAAL |
| 005 |
20200819174007.0 |
| 008 |
150225s2010 njua 001 0 eng d |
| 999 |
|
|
|c 33795
|d 33795
|
| 020 |
|
|
|a 9780133677195
|
| 020 |
|
|
|a 0133677192
|
| 040 |
|
|
|a BD-DhAAL
|c BD-DhAAL
|
| 082 |
0 |
0 |
|2 23
|a 808.0420712
|
| 245 |
0 |
0 |
|a Prentice Hall literature :
|b South Carolina : language and literacy /
|c [contributing authors, Grant Wiggins ... [et al.]
|
| 246 |
|
|
|a South Carolina :
|b language and literacy
|
| 260 |
|
|
|a Upper Saddle River, N.J. :
|b Pearson Education, Inc.,
|c c2010.
|
| 300 |
|
|
|a SC lxiii, 1253, R78 pages :
|b illustrations (chiefly colors) ;
|c 27 cm.
|
| 500 |
|
|
|a Includes indexes.
|
| 650 |
|
0 |
|a Literature
|x Study and teaching (Secondary)
|9 8780
|
| 650 |
|
0 |
|a Readers (Secondary)
|9 5835
|
| 700 |
1 |
|
|a Wiggins, Grant P.,
|d 1950-
|9 8781
|
| 710 |
2 |
|
|a Pearson Education, Inc.
|9 8782
|
| 942 |
|
|
|2 ddc
|c BK
|
| 952 |
|
|
|0 0
|1 0
|2 ddc
|4 0
|6 808_042071200000000_PRE
|7 0
|9 52776
|a BRACUL
|b BRACUL
|c GEN
|d 2015-02-25
|e BRAC Institute of Language (BIL)
|l 0
|o 808.0420712 PRE
|p 3010028901
|r 2015-02-25
|t 1
|w 2015-02-25
|y BK
|x Transferred from BIL to BRACUL on 06/06/22
|
| 952 |
|
|
|0 0
|1 0
|2 ddc
|4 0
|6 808_042071200000000_PRE
|7 0
|9 53856
|a SCL
|b SCL
|c GEN
|d 2015-05-24
|e Gift: The Asia Foundation
|l 0
|o 808.0420712 PRE
|p 3020007592
|r 2015-05-24
|t 2
|w 2015-05-24
|y BK
|